| 000 | 01187cam a2200265 i 4500 | ||
|---|---|---|---|
| 001 | 112886 | ||
| 005 | 20230410123520.0 | ||
| 008 | 130904s2001 dr g 001 0 spa d | ||
| 040 |
_aDLC _cDLC _dDLC |
||
| 041 | _aspa | ||
| 043 | _anwdr--- | ||
| 050 | 1 | 4 |
_aKGQ 3886 _bN851 2001 |
| 245 | 0 | 0 | _aNormas técnicas para el establecimiento y certificación de plantaciones forestales/ |
| 246 | 3 | 0 | _aNormas Técnicas Forestales: Normas técnicas para el establecimiento y certificación de plantaciones forestales/ |
| 260 |
_aSanto Domingo, R.D. : _bSecretaría de Estado de Medio Ambiente y Recursos Naturales, _c2001. |
||
| 300 |
_a30 p.; _c22cm. |
||
| 500 | _aIncluye índice | ||
| 505 | 0 | _aParte I: Política marco legal; Política general; Marco legal--- Parte II: Principio, criterios e indicadores para las plantaciones forestales--- Parte III: Normas tecnicas para el establecimiento de plantaciones forestales. | |
| 650 | 0 |
_aForestry law and legislation _zDominican Republic. |
|
| 710 | 2 |
_aDominican Republic. _bSecretaría de Estado de Medio Ambiente y Recursos Naturales |
|
| 923 |
_a20050322 _n6013 _sPR-SjLB |
||
| 942 |
_2lcc _cbk |
||
| 985 | _aVENDOR LOAD | ||
| 946 | _aPP | ||
| 999 |
_c62995 _d62995 |
||